| 000 | 01302namaa22003251i 4500 | ||
|---|---|---|---|
| 003 | EG-GICUC | ||
| 005 | 20250714131554.0 | ||
| 008 | 250714s1993 ua ||||jr|||| 000 0 ara d | ||
| 017 |
_a1992 / 7015 _bدار الكتب والوثائق القومية (مصر) |
||
| 020 | _a9772700050 | ||
| 040 |
_aEG-GiCUC _bara _cEG-GiCUC _dEG-GiCUC _erda |
||
| 082 | 0 | 4 |
_221 _a250 _bT914 |
| 092 | 0 | 4 |
_221 _a250 _bT914 |
| 099 | _a250 T914 | ||
| 100 | 1 |
_aطوفي، سليمان بن عبد القوي. _eمؤلف. |
|
| 245 | 1 |
_aرسالة فى رعاية المصلحة / _cالإمام الطوفى ؛ تحقيق وتعليق الدكتور أحمد عبد الرحيم السايح |
|
| 250 | _aالطبعة الاولى | ||
| 264 |
_aالقاهرة (مصر) : _bالدار المصرية اللبنانية، _c1993 |
||
| 300 |
_a؛ 61صفحة _c20 سم |
||
| 336 |
_2rdacontent _atext |
||
| 337 |
_2rdamedia _aUnmediated |
||
| 338 |
_2rdacarrier _avolume |
||
| 504 | _aيشتمل على ارجاعات ببليوجرافية | ||
| 541 |
_aد. جابر عصفور ؛ _bالقاهرة ؛ _cإهداء ؛ _d2024. |
||
| 650 | 1 | 7 |
_aالشريعة الاسلامية _2qrmak |
| 651 | 1 | _2qrmak | |
| 700 | 1 |
_aالسايح، أحمد عبد الرحيم _eمحقق. |
|
| 905 | _aHuda | ||
| 942 |
_2ddc _cBK _e21 _n0 |
||
| 999 |
_c173067 _d173067 |
||